Alternative Dispute Resolution (ADR) Mechanisms – (Record no. 121624)

MARC details
000 -LEADER
fixed length control field 01739nam a22002297a 4500
008 - FIXED-LENGTH DATA ELEMENTS--GENERAL INFORMATION
fixed length control field 230721s2022 xxk|||||o|||| 00| 0 eng d
041 ## - LANGUAGE CODE
Language code of text/sound track or separate title eng
110 ## - MAIN ENTRY--CORPORATE NAME
Corporate author Royal Institution of Chartered Surveyors
245 ## - TITLE STATEMENT
Title Alternative Dispute Resolution (ADR) Mechanisms –
Subtitle UK and Ireland
Medium [Electronic resource]
260 ## - PUBLICATION INFORMATION
Place of publication London,
Publisher Royal Institution of Chartered Surveyors,
Date 2022
300 ## - PHYSICAL DESCRIPTION
Physical description 11p.
490 ## - SERIES TITLE
Series statement RICS Regulation
520 ## - ABSTRACT
Abstract Version 10. With effect from 2 February 2022
520 ## - ABSTRACT
Abstract The ‘Alternative Dispute Resolution (ADR) Mechanisms – UK and Ireland’ guide sets out the list of approved ADR mechanisms, including Consumer redress mechanisms and Business-to-business ADR (for UK and Ireland). It also contains information on seeking SRB approval for an alternative ADR mechanism. The consumer redress mechanisms are used by RICS-regulated firms for complaints received from consumers and should be free at the point of entry. A consumer can be broadly defined as a person who is not acting in the course of any business. Where a RICS-regulated firm does not have any consumer clients, they should inform RICS by selecting the option "no consumer clients" in the firm’s annual return. The business-to-business ADR mechanisms are available for complaints and disputes received from commercial clients in the UK.
650 ## - KEYWORDS
Keywords ALTERNATIVE DISPUTE RESOLUTION
650 ## - KEYWORDS
Keywords REDRESS
651 ## - SUBJECT ADDED ENTRY--GEOGRAPHIC NAME
Geographic name United Kingdom
690 ## - BROAD SUBJECT
9 (RLIN) 6236
Broad subject Dispute resolution
710 ## - ADDED CORPORATE NAME
Added corporate author Royal Institution of Chartered Surveyors
856 ## - ONLINE RESOURCE
Uniform Resource Identifier <a href="https://www.rics.org/content/dam/ricsglobal/documents/standards/Alternative_Dispute_Resolution_Mechanisms_UK_And_Ireland_March%202023.pdf">https://www.rics.org/content/dam/ricsglobal/documents/standards/Alternative_Dispute_Resolution_Mechanisms_UK_And_Ireland_March%202023.pdf</a>
Public note Available free on RICS.org
942 ## - ADDED ENTRY ELEMENTS (KOHA)
Suppress in OPAC Do not suppress in OPAC
Holdings
Lost status Damaged status Not for loan Current library Shelving location Date acquired Total Checkouts Full call number Date last seen Price effective from Koha item type
      Virtual Online 21/07/2023   ONLINE PUBLICATION 21/07/2023 21/07/2023 Online material